000 01311nam a2200313Ia 4500
001 vtls003191165
003 MY-SjTCS
005 20200226110703.0
006 m u
007 cr cn|||||||||
008 100712s2007 enk s 000 0 eng d
020 _z9781846634185
035 _a(CaPaEBR)ebr10172248
039 9 _y201007121624
_zVLOAD
040 _aCaPaEBR
_cCaPaEBR
050 1 4 _aHD62.15
_b.S45 2007eb
245 0 0 _aSelected papers from the 5th International PMA Conference, London, July 2006
_h[electronic resource] /
_ceditor Mike Bourne.
260 _aBradford, England :
_bEmerald Group Pub,
_cc2007.
300 _a77 p.
490 0 _aMeasuring Business Excellence, the journal of organizational performance management ;
_v11, no. 1
529 _aTSLHHL
533 _aElectronic reproduction.
_bPalo Alto, Calif. :
_cebrary,
_d2009.
_nAvailable via World Wide Web.
_nAccess may be limited to ebrary affiliated libraries.
650 0 _aManagement.
650 0 _aTotal quality management.
655 7 _aElectronic books.
_2local
700 1 _aBourne, Mike.
_928123
710 2 _aebrary, Inc.
_925628
856 4 0 _uhttps://ezproxy.taylors.edu.my/login?url=http://site.ebrary.com/lib/taylorscollege/Doc?id=10172248
_zAn electronic book accessible through the World Wide Web; click to view
999 _c70708